| 000 | 01152nam a2200325 4500 | ||
|---|---|---|---|
| 003 | OSt | ||
| 005 | 20260530115319.0 | ||
| 008 | 260508b1973 enka|||| |||| 00| 0 eng d | ||
| 020 | _a0258968966 | ||
| 020 | _a0258969075 | ||
| 040 |
_aICI _bspa _cICI _erda |
||
| 041 | _aeng | ||
| 050 |
_aQP303 _bM43 1973 |
||
| 100 |
_aThe mechanics of human movement / _eautor _934140 |
||
| 245 | _aThe mechanics of human movement. | ||
| 250 | _a1a edición. | ||
| 260 |
_aLondon : _bGranada Publishing Limited, _c1973. |
||
| 300 |
_a175 páginas : _bilustraciones, diagramas ; |
||
| 336 |
_2rdacontent _atexto |
||
| 337 |
_2rdamedia _asin medio |
||
| 338 |
_2rdacarrier _avolumen |
||
| 500 | _aIncluye gráficos y análisis biomecánicos del movimiento humano. | ||
| 520 | _a Estudio de los principios mecánicos y biomecánicos aplicados al movimiento humano, incluyendo análisis de locomoción, postura y dinámica corporal. | ||
| 650 |
_aBiomecánica. _934141 |
||
| 650 |
_aMovimiento humano. _934142 |
||
| 650 |
_aLocomoción humana. _934143 |
||
| 650 |
_aKinesiología. _934144 |
||
| 650 |
_aCuerpo humano _xMovimiento. _934145 |
||
| 942 |
_2lcc _cBK _n1 |
||
| 999 |
_c13701 _d13701 |
||